| 000 | 00720nam a2200193 i 4500 | ||
|---|---|---|---|
| 001 | 59730 | ||
| 003 | ES-MaACL | ||
| 007 | t| | ||
| 008 | 031030s1983 mx ||||1| spa d | ||
| 100 | 1 |
_aEquihua Zamora, Miguel. _947339 |
|
| 245 | 1 | 0 |
_aDinámica de las comunidades ecológicas / _cMiguel Equihua Zamora, Griselda Benítez Badillo. |
| 260 |
_aMéxico : _bTrillas, _c[1983] |
||
| 300 |
_a120 p. : _bil. ; _c23 cm. |
||
| 490 | 1 | _aEl universo de la biología. Area: conceptual. Ecología y biogeografía | |
| 700 | 1 |
_aBenítez Badillo, Griselda. _927617 |
|
| 830 | 0 |
_aEl universo de la biología. Area: conceptual. Ecología y biogeografía _9230531 |
|
| 852 |
_aES-MaACL _jL-7295 _bR.107905 |
||
| 999 |
_c59730 _d59730 |
||